000 00482nam a2200181Ia 4500
001 10289
005 20260306161821.0
008 260306t1990||||xx |||||||||||||| ||spa||
041 _aESP
082 _a914.652
_bA96
100 _aSánchez Barricarte, Jesús Javier
_eAUT
245 0 _aAzagra:
_bestudio geográfico de un municipio de la Ribera de Navarra
260 _c1990
300 _a279 páginas :
_c33 cm.
650 _aGEN
654 _aCHU
942 _cLIB
_dJUS
_fJUS
_2ddc
_n
999 _c10289
_d10289